|
|
|
|
| LEADER |
02957nam a2200517 4500 |
| 001 |
978-3-319-03701-1 |
| 003 |
DE-He213 |
| 005 |
20191024232253.0 |
| 007 |
cr nn 008mamaa |
| 008 |
180102s2018 gw | s |||| 0|eng d |
| 020 |
|
|
|a 9783319037011
|9 978-3-319-03701-1
|
| 024 |
7 |
|
|a 10.1007/978-3-319-03701-1
|2 doi
|
| 040 |
|
|
|d GrThAP
|
| 050 |
|
4 |
|a QE701-760
|
| 072 |
|
7 |
|a RBX
|2 bicssc
|
| 072 |
|
7 |
|a SCI054000
|2 bisacsh
|
| 072 |
|
7 |
|a RBX
|2 thema
|
| 082 |
0 |
4 |
|a 560
|2 23
|
| 100 |
1 |
|
|a Prevosti, Francisco J.
|e author.
|4 aut
|4 http://id.loc.gov/vocabulary/relators/aut
|
| 245 |
1 |
0 |
|a Evolution of South American Mammalian Predators During the Cenozoic: Paleobiogeographic and Paleoenvironmental Contingencies
|h [electronic resource] /
|c by Francisco J. Prevosti, Analía M. Forasiepi.
|
| 250 |
|
|
|a 1st ed. 2018.
|
| 264 |
|
1 |
|a Cham :
|b Springer International Publishing :
|b Imprint: Springer,
|c 2018.
|
| 300 |
|
|
|a IX, 196 p. 52 illus., 26 illus. in color.
|b online resource.
|
| 336 |
|
|
|a text
|b txt
|2 rdacontent
|
| 337 |
|
|
|a computer
|b c
|2 rdamedia
|
| 338 |
|
|
|a online resource
|b cr
|2 rdacarrier
|
| 347 |
|
|
|a text file
|b PDF
|2 rda
|
| 490 |
1 |
|
|a Springer Geology,
|x 2197-9545
|
| 505 |
0 |
|
|a Introduction -- Paleoenvironment and Paleobiogeography -- Sparassodonta -- Carnivora -- Fossil Record of Mammalian Carnivores in South America: Bias and Limitations -- The Transition from Faunas of Metatherian Carnivores to Faunas with Placental Carnivores: Ecological Competence or Replacement? -- Evolution of the South American Mammalian Carnivores during the Cenozoic and the Biological Context.
|
| 520 |
|
|
|a This book summarizes the evolution of carnivorous mammals in the Cenozoic of South America. It presents paleontological information on the two main mammalian carnivorous groups in South America; Metatheria and Eutheria. The topics include the origin, systematics, phylogeny, paleoecology and evolution of the Sparassodonta and Carnivora. The book is based on a wide variety of published sources from the last few decades.
|
| 650 |
|
0 |
|a Paleontology .
|
| 650 |
|
0 |
|a Biodiversity.
|
| 650 |
|
0 |
|a Evolutionary biology.
|
| 650 |
1 |
4 |
|a Paleontology.
|0 http://scigraph.springernature.com/things/product-market-codes/G39000
|
| 650 |
2 |
4 |
|a Biodiversity.
|0 http://scigraph.springernature.com/things/product-market-codes/L19031
|
| 650 |
2 |
4 |
|a Evolutionary Biology.
|0 http://scigraph.springernature.com/things/product-market-codes/L21001
|
| 700 |
1 |
|
|a Forasiepi, Analía M.
|e author.
|4 aut
|4 http://id.loc.gov/vocabulary/relators/aut
|
| 710 |
2 |
|
|a SpringerLink (Online service)
|
| 773 |
0 |
|
|t Springer eBooks
|
| 776 |
0 |
8 |
|i Printed edition:
|z 9783319037004
|
| 776 |
0 |
8 |
|i Printed edition:
|z 9783319037028
|
| 776 |
0 |
8 |
|i Printed edition:
|z 9783319791395
|
| 830 |
|
0 |
|a Springer Geology,
|x 2197-9545
|
| 856 |
4 |
0 |
|u https://doi.org/10.1007/978-3-319-03701-1
|z Full Text via HEAL-Link
|
| 912 |
|
|
|a ZDB-2-EES
|
| 950 |
|
|
|a Earth and Environmental Science (Springer-11646)
|